Prosa moderna antología para la enseñanza media /

Guardado en:
Autor Principal: Sánchez Barros, Albino G.
Formato: Libro
Publicado: Buenos Aires : Studium, 1953
Materias:
Etiquetas: Agregar Etiqueta
Sin Etiquetas, Sea el primero en etiquetar este registro!
LEADER 00456nam a22001575a 4500
001 CEM.cems005745
005 20060214000000.0
008 130507s1953##################000#0#####d
003 CEMS
082 0 4 |a 468.6 
100 1 |a Sánchez Barros, Albino G. 
245 1 0 |a Prosa moderna antología para la enseñanza media / 
260 |a Buenos Aires :  |b Studium,  |c 1953 
300 |a 236 p. 
653 |a Antología 
859 |a CEMS  |b BIB. CEMS - 11 de abril  |h 468.6  |i Sa55  |p 9705.81  |t Ej.1